Mẫu thiết kế xây dựng các công trình cơ sở hạ tầng nông thôn
Enregistré dans:
| Format: | Livre |
|---|---|
| Langue: | Undetermined |
| Publié: |
Xây Dựng
2000
|
| Sujets: | |
| Tags: |
Ajouter un tag
Pas de tags, Soyez le premier à ajouter un tag!
|
| Thư viện lưu trữ: | Trung tâm Học liệu Trường Đại học Cần Thơ |
|---|
| LEADER | 00445nam a2200133Ia 4500 | ||
|---|---|---|---|
| 001 | CTU_37277 | ||
| 008 | 210402s9999 xx 000 0 und d | ||
| 082 | |a 728.6 | ||
| 082 | |b M125 | ||
| 245 | 0 | |a Mẫu thiết kế xây dựng các công trình cơ sở hạ tầng nông thôn | |
| 260 | |b Xây Dựng | ||
| 260 | |c 2000 | ||
| 650 | |a architecture - designs and plans | ||
| 980 | |a Trung tâm Học liệu Trường Đại học Cần Thơ | ||